Sử thi Mường
Trình bày vị trí của tác phẩm "Đẻ đất đẻ nước" trong hệ thống mo của người Mường. Tiếp cận tác phẩm dưới góc độ thi pháp học và nghiên cứu các giá trị văn hóa của tác phẩm. Giới thiệu một dị bản của tác phẩm...
Saved in:
| Main Author: | |
|---|---|
| Format: | Book |
| Language: | Undetermined |
| Published: |
Hà Nội
Khoa học Xã hội
2013
|
| Subjects: | |
| Tags: |
Add Tag
No Tags, Be the first to tag this record!
|
| Institutions: | Trung tâm Học liệu Trường Đại học Cần Thơ |
|---|
| LEADER | 00919nam a2200193Ia 4500 | ||
|---|---|---|---|
| 001 | CTU_186272 | ||
| 008 | 210402s9999 xx 000 0 und d | ||
| 082 | |a 895.931032 | ||
| 082 | |b Nh124/Q.1 | ||
| 100 | |a Phan, Đăng Nhật | ||
| 245 | 0 | |a Sử thi Mường | |
| 245 | 0 | |c Phan Đăng Nhật chủ biên | |
| 260 | |a Hà Nội | ||
| 260 | |b Khoa học Xã hội | ||
| 260 | |c 2013 | ||
| 520 | |a Trình bày vị trí của tác phẩm "Đẻ đất đẻ nước" trong hệ thống mo của người Mường. Tiếp cận tác phẩm dưới góc độ thi pháp học và nghiên cứu các giá trị văn hóa của tác phẩm. Giới thiệu một dị bản của tác phẩm | ||
| 650 | |a Epic literature, Vietnamese,Văn học sử thi Việt Nam | ||
| 910 | |a Hải | ||
| 980 | |a Trung tâm Học liệu Trường Đại học Cần Thơ | ||